000 00308nam a22001457a 4500
008 210311b ||||| |||| 00| 0 eng d
020 _a0205120520
041 _aeng
080 _a159.9
082 _a159.9
100 _a48
101 _aPSI
245 _aBiopsychology
_cPinel, J. P. J
942 _2udc
_cBK
999 _c56299
_d56299